Od nárokovosti k zásluhovosti

Porovnanie dôchodkového veku a pomeru dôchodku k priemernej hrubej mzde vo vybraných krajinách EÚ. Dva typy situácií, v ktorých sa môže vyvíjať činnosť doplnkového dôchodkového poistenia. Tri druhy financovania doplnkového dôchodkového poistenia. Zásahy štátu do pripoistenia.

Enregistré dans:
Détails bibliographiques
Auteur principal: Rievajová, Eva
Format: Chapitre de livre
Langue:slovaque
Sujets:
Tags: Ajouter un tag
Pas de tags, Soyez le premier à ajouter un tag!

MARC

LEADER 00000naa a2200000 4500
001 r032664
005 20230824095350.5
041 0 |a slo 
044 |a SK 
245 1 0 |a Od nárokovosti k zásluhovosti  |c Eva Rievajová 
520 |a Porovnanie dôchodkového veku a pomeru dôchodku k priemernej hrubej mzde vo vybraných krajinách EÚ. Dva typy situácií, v ktorých sa môže vyvíjať činnosť doplnkového dôchodkového poistenia. Tri druhy financovania doplnkového dôchodkového poistenia. Zásahy štátu do pripoistenia. 
610 2 0 |a poistenie dôchodkové doplnkové 
610 2 0 |a zabezpečenie dôchodkové 
610 2 0 |a pripoistenie 
610 2 0 |a politika dôchodková 
610 2 0 |a vek postproduktívny 
100 1 |a Rievajová, Eva